An Introduction to collective bargaining and industrial relations (Record no. 5163)
[ view plain ]
| 000 -LEADER | |
|---|---|
| fixed length control field | 00564nam a22001937a 4500 |
| 005 - DATE AND TIME OF LATEST TRANSACTION | |
| control field | 20250325100224.0 |
| 008 - FIXED-LENGTH DATA ELEMENTS--GENERAL INFORMATION | |
| fixed length control field | 250325b |||||||| |||| 00| 0 eng d |
| 020 ## - INTERNATIONAL STANDARD BOOK NUMBER | |
| International Standard Book Number | 9780071254250 |
| 050 ## - LIBRARY OF CONGRESS CALL NUMBER | |
| Classification number | HD6971 |
| Item number | .5.K38 KAT |
| 100 ## - MAIN ENTRY--PERSONAL NAME | |
| Personal name | Katz, Harry C. |
| 245 ## - TITLE STATEMENT | |
| Title | An Introduction to collective bargaining and industrial relations |
| 250 ## - EDITION STATEMENT | |
| Edition statement | 4th |
| 260 ## - PUBLICATION, DISTRIBUTION, ETC. | |
| Place of publication, distribution, etc. | Boston |
| Name of publisher, distributor, etc. | McGraw-Hill |
| Date of publication, distribution, etc. | c2008 |
| 300 ## - PHYSICAL DESCRIPTION | |
| Extent | xiii, 514p |
| 500 ## - GENERAL NOTE | |
| General note | includes glossary, name index, subject index |
| 700 ## - ADDED ENTRY--PERSONAL NAME | |
| Personal name | Kochan A. Thomas |
| 700 ## - ADDED ENTRY--PERSONAL NAME | |
| Personal name | Colvin, Alexander J. S. |
| 942 ## - ADDED ENTRY ELEMENTS (KOHA) | |
| Source of classification or shelving scheme | Library of Congress Classification |
| Koha item type | Books |
| Suppress in OPAC | No |
| 999 ## - | |
| -- | 5163 |
| -- | 5163 |
| Withdrawn status | Lost status | Source of classification or shelving scheme | Damaged status | Not for loan | Collection | Home library | Current library | Shelving location | Date acquired | Total checkouts | Full call number | Barcode | Date last seen | Copy number | Price effective from | Koha item type |
|---|---|---|---|---|---|---|---|---|---|---|---|---|---|---|---|---|
| Dewey Decimal Classification | Non-fiction | Undergraduate Library (Christ Temple) | Undergraduate Library (Christ Temple) | General stacks | 03/25/2025 | HD6971.5.K38 KAT | ulct00001936 | 03/25/2025 | 1 | 03/25/2025 | Books |